[Event "Ustron op-C"]
[Site "Ustron"]
[Date "2021.08.19"]
[Round "8"]
[White "Turowski, Maciej"]
[Black "Zmarzly, Wiktor"]
[Result "0-1"]
[WhiteElo "1479"]
[BlackElo "1530"]
[PlyCount "34"]
[EventDate "2021.08.13"]
[EventType "swiss"]
[EventRounds "9"]
[EventCountry "POL"]
[SourceTitle "EXT 2022"]
[Source "ChessBase"]
[SourceDate "2021.10.06"]
[SourceVersion "1"]
[SourceVersionDate "2021.10.06"]
[SourceQuality "1"]

1. d4 d5 2. c4 dxc4 3. Nc3 a6 4. a4 Nc6 5. d5 Na5 6. e4 e6 7. Nf3 Nf6 8. Bg5 Be7 9. Ne5 exd5 10. exd5 0-0 11. Bxf6 Bxf6 12. Nxc4 Re8+ 13. Ne3 Bg5 14. b4 Qf6 15. Qc2 Bxe3 16. fxe3 Rxe3+ 17. Kd2 Qd4+ 0-1

[Event "POL-ch U12"]
[Site "Uniejow"]
[Date "2021.07.25"]
[Round "9"]
[White "Zmarzly, Wiktor"]
[Black "Warchol, Kamil"]
[Result "0-1"]
[WhiteElo "1512"]
[BlackElo "2183"]
[PlyCount "98"]
[EventDate "2021.07.18"]
[EventType "swiss"]
[EventRounds "9"]
[EventCountry "POL"]
[SourceTitle "EXT 2022"]
[Source "ChessBase"]
[SourceDate "2021.10.06"]
[SourceVersion "1"]
[SourceVersionDate "2021.10.06"]
[SourceQuality "1"]

1. e4 d6 2. d4 Nf6 3. Nc3 e5 4. dxe5 dxe5 5. Qxd8+ Kxd8 6. Bg5 Bb4 7. 0-0-0+ Nbd7 8. Bxf6+ gxf6 9. Nd5 Be7 10. Ne2 c6 11. Ne3 Kc7 12. Nf5 Bc5 13. f3 Nb6 14. Neg3 Be6 15. Be2 Rag8 16. Bf1 h5 17. Nh4 Nd7 18. Ngf5 Nf8 19. g3 Ng6 20. Bd3 b5 21. Kd2 a5 22. Ke2 Rb8 23. Ra1 b4 24. b3 a4 25. Rhc1 Ra8 26. Ng2 Bxf5 27. exf5 Ne7 28. Be4 Bd4 29. Rab1 Nd5 30. Bxd5 cxd5 31. Ne3 Kd6 32. Rd1 Rhc8 33. Rd2 axb3 34. axb3 Ra2 35. Rc1 Ra3 36. Rb1 Ra5 37. Rbd1 Rac5 38. Rc1 Rc3 39. Nd1 Rxb3 40. cxb3 Rxc1 41. Ra2 Rb1 42. Ra6+ Ke7 43. g4 hxg4 44. fxg4 Rxb3 45. h4 Rg3 46. Kd2 b3 47. Kc1 Rxg4 48. h5 b2+ 49. Kb1 Rg1 0-1

[Event "POL-ch U12"]
[Site "Uniejow"]
[Date "2021.07.22"]
[Round "6"]
[White "Zmarzly, Wiktor"]
[Black "Niezbecki, Marek1111"]
[Result "1-0"]
[WhiteElo "1512"]
[BlackElo "1436"]
[PlyCount "95"]
[EventDate "2021.07.18"]
[EventType "swiss"]
[EventRounds "9"]
[EventCountry "POL"]
[SourceTitle "EXT 2022"]
[Source "ChessBase"]
[SourceDate "2021.10.06"]
[SourceVersion "1"]
[SourceVersionDate "2021.10.06"]
[SourceQuality "1"]

1. c4 Nf6 2. Nc3 d6 3. g3 g6 4. Bg2 Bg7 5. d3 0-0 6. e4 Nbd7 7. Nge2 e5 8. 0-0 Ne8 9. f4 f5 10. Rb1 a5 11. a3 exf4 12. gxf4 c6 13. Be3 Ndf6 14. h3 Nc7 15. b4 axb4 16. axb4 Re8 17. c5 fxe4 18. dxe4 d5 19. e5 Nh5 20. b5 g5 21. bxc6 bxc6 22. Nd4 Nxf4 23. Bxf4 gxf4 24. Nxc6 Qg5 25. Nxd5 Nxd5 26. Qxd5+ Kh8 27. Nd8 Rxd8 28. Qxa8 Bxe5 29. Rbd1 Rg8 30. Qf3 Qh4 31. Qe4 Qf6 32. Kh1 Qg7 33. c6 Bf5 34. Qf3 Qh6 35. Qd5 Qf6 36. Rde1 Bc7 37. Qc5 Qg5 38. Qc3+ Qg7 39. Qxg7+ Rxg7 40. Re8+ Rg8 41. Rfe1 Bg6 42. R8e7 Ba5 43. Rd1 Rf8 44. Bf3 Rg8 45. c7 Bb6 46. Bb7 Bh5 47. Rdd7 Bg6 48. c8Q 1-0

[Event "EU Union-ch U08"]
[Site "Kouty nad Desnou"]
[Date "2018.08.08"]
[Round "2"]
[White "Zmarzly, Wiktor"]
[Black "Haasova, Timea"]
[Result "1-0"]
[WhiteElo "1305"]
[BlackElo "1128"]
[PlyCount "133"]
[EventDate "2018.08.07"]
[EventType "swiss"]
[EventRounds "9"]
[EventCountry "CZE"]
[SourceTitle "CBM 186 Extra"]
[Source "ChessBase"]
[SourceDate "2018.08.24"]
[SourceVersion "1"]
[SourceVersionDate "2018.08.24"]
[SourceQuality "1"]

1. d4 d5 2. c4 e6 3. Nf3 Nf6 4. Nc3 c5 5. Bf4 Nc6 6. e3 Be7 7. Qd2 0-0 8. Be2 h6 9. h3 b6 10. Rd1 Bb7 11. a3 a6 12. Qc2 Bd6 13. Bxd6 Qxd6 14. 0-0 Rae8 15. Rd2 Ne7 16. Rfd1 Ng6 17. Bd3 Ne7 18. Ne5 Nc6 19. Nxc6 Qxc6 20. f3 dxc4 21. Bxc4 Nd5 22. Bxd5 exd5 23. dxc5 Qxc5 24. Nxd5 Qxc2 25. Rxc2 Bxd5 26. Rxd5 Rxe3 27. Rd6 Rb8 28. Rcc6 Rb3 29. Rd2 a5 30. Kf2 b5 31. Ke2 Re8+ 32. Kd1 Rbe3 33. Kc2 Re2 34. Rc5 Rxd2+ 35. Kxd2 Rb8 36. Kc3 Kf8 37. a4 b4+ 38. Kc4 Ra8 39. Kb5 Ke7 40. Kb6 Kd6 41. Rxa5 Rb8+ 42. Ka7 Rc8 43. Rb5 Rc4 44. Ka6 b3 45. Ka5 Rc5 46. Kb4 Rxb5+ 47. Kxb5 Kc7 48. Kb4 Kb6 49. Kxb3 Ka5 50. Ka3 f6 51. b4+ Kb6 52. Kb3 g6 53. Kc4 g5 54. g4 Kc6 55. a5 Kb7 56. Kc5 Kc7 57. a6 Kb8 58. b5 Ka7 59. b6+ Kb8 60. Kc6 Kc8 61. a7 Kd8 62. Kd6 Ke8 63. a8Q+ Kf7 64. Qd8 Kg7 65. Qe8 f5 66. gxf5 Kf6 67. Qg6# 1-0